Principles of engineering economic analysis

Guardado en:
Detalles Bibliográficos
Autor principal: White, John A.
Otros Autores: Agee, Marvin H., Case, Kenne E.
Formato: Libro
Lenguaje:inglés
Publicado: New York Wiley 1977
Etiquetas: Agregar Etiqueta
Sin Etiquetas, Sea el primero en etiquetar este registro!

MARC

LEADER 00000nam a2200000 4500
001 0214935
005 20240109105158.2
041 0 |a eng 
044 |a US 
245 1 0 |a Principles of engineering economic analysis  |c John A. White, Marvin H. Agee, Kenne E. Case 
264 1 |a New York  |b Wiley  |c 1977 
300 |a 480 s. 
100 1 |a White, John A. 
700 1 |a Agee, Marvin H. 
700 1 |a Case, Kenne E.